Drapeaux d'anciens pays - Statistiques

Statistiques générales
  • Ce quiz a été pris 58 fois
  • Le résultat moyen est 7 sur 17
Statistiques - réponses
Par images Réponse % Correct
Union soviétique
94%
Yougoslavie
88%
Tchécoslovaquie
84%
République populaire d'Ukraine
80%
Prusse
71%
République du Texas
65%
Saint-Empire romain germanique
47%
Empire byzantin
43%
Empire ottoman
39%
Autriche-Hongrie
33%
Vietnam du Sud
33%
Empire du Mali
14%
Royaume de Sardaigne
14%
Serbie-et-Monténégro
12%
Royaume de Hanovre
10%
République arabe unie
8%
Vice-Royauté de Nouvelle-Grenade
2%
Aucun quiz correspondant
Distribution des résultats
% des personnes avec chaque résultat
Percentile par nombre de réponses
Votre historique - résultats
Vous n’avez pas pris ce quiz